Normal view
MARC view
Entry Topical Term
001 - CONTROL NUMBER
- control field: 597828
003 - CONTROL NUMBER IDENTIFIER
- control field:
005 - DATE AND TIME OF LATEST TRANSACTION
- control field: 20210603114726.0
008 - FIXED-LENGTH DATA ELEMENTS
- fixed length control field: 210603|| aca||aabn | a|a d
040 ## - CATALOGING SOURCE
- Original cataloging agency:
- Transcribing agency:
150 ## - HEADING--TOPICAL TERM
- Topical term or geographic name entry element: Sufi poetry, Urdu
- General subdivision: History and criticism
670 ## - SOURCE DATA FOUND
- Source citation: Work cat.: (): Aleem Saba Navedi 597826, Chehrah Chehrah Raushan (Urdu essays), 2006
